• 首页
  • 本馆介绍
  • 公告通知
  • 最新文献
  • 馆藏检索
  • 电子资源
  • 读者导购
  • 参考咨询
  • 我的图书馆
  • 登录
  • 详细信息显示
  • 放入我的书架
  • 预约/预借图书
  • 作者相关作品
  • 分类相关作品
  • 丛书相关作品
  • 出版社相关作品

书目信息

  • 表格格式
  • 工作单格式
  • 卡片格式
书名: The souls of Black folk
作者: W.E.B. DuBois.
分册号:
分册名:
出版地: New York :
 
出版社: Dover
出版时间: 1994.
页数: vii, 165 p. :
开本: 21 cm.
丛书名: Dover thrift editions
中图分类号:
科图分类号:
其他分类号: D816
主题词:
电子资源: http://www.loc.gov/catdir/description/dover032/94000473.html     
000 01132pam a2200301 a 450
001 E0752327596
005 20070712145544.57
008 940110r19941903nyua 000 0 eng
010    @a94000473
020    @a0486280411.
035    @A(DLC) 94000473
040    @aDLC@cDLC@dDLC
043    @an-us---
050 00 @aE185.6@b.D797 1994b
082 00 @a973/.0496073@2 20
090    @aD816
099    @dD816@ex50
100 1  @aDu Bois, W. E. B.@q(William Edward Burghardt),@d1868-1963.
245 14 @aThe souls of Black folk / @cW.E.B. DuBois.
260    @aNew York :@bDover,@c1994.
300    @avii, 165 p. :@bill. ;@c21 cm.
440  0 @aDover thrift editions
500    @aOriginally published: Chicago : A.C. McClurg, 1903. With new introd.
650  0 @aAfrican Americans.
856 42 @3 Publisher description@uhttp://www.loc.gov/catdir/description/dover032/94000473.html
906    @a7@bcbc@corignew@d1@eocip@f19@gy-gencatlg
955    @apc19 to la00 01-10-94; lj11 to subj. 01-11-94; lk03 01-11-94 (E185.6); lk02 01-12-94; CIP ver. lk19 10-11-95
991    @bc-GenColl@hE185.6@i.D797 1994b@p00023611259@tCopy 1@wBOOKS
    
    The souls of Black folk / / W.E.B. DuBois.-New York : : Dover, , 1994.
    vii, 165 p. : : ill. ; ; 21 cm.- (Dover thrift editions )
    Originally published: Chicago : A.C. McClurg, 1903. With new introd.
    
    ISBN 0486280411.
    
●
相关链接 在E读中查询图书 在五车中查询图书 在当当中查询图书 在豆瓣中查询图书


正题名:souls of Black folk     索取号:D816/x50         预约/预借

序号 登录号 条形码 馆藏地/架位号 状态 备注
1 11787   300117870   第二样本阅览室/ [索取号:D816/x50] 在馆    
唐山师范学院图书馆 欢迎您!
大连网信软件有限公司© 版权所有